| 000 | 00713 a2200169 4500 | ||
|---|---|---|---|
| 020 | _a0415310024 | ||
| 020 | _a9780415310024 | ||
| 082 | 0 | 4 | _a530.133 |
| 090 |
_c495 _d495 |
||
| 100 | 1 | _aVasil'ev, A.N. | |
| 245 | 1 | 4 |
_aThe field theoretic renormalization group in critical behavior theory and stochastic dynamics / _cA.N. Vasil'ev. |
| 260 |
_a[S.l.] : _bChapman and Hall/CRC, _c2004. |
||
| 300 |
_a696 p. ; _c23 cm. |
||
| 942 |
_aSNS _cBK _k530.133 VAS |
||
| 999 |
_c29126 _d29126 |
||